000 01954nam a2200349 i 4500
001 768714001
003 CO-MdFUSB
005 20211012103504.0
007 ta
008 210821t1989 sp |||| |||| 00| 0 spa d
020 _a9788427016248
040 _aCO-MdFUSB
_bspa
_cCO-MdFUSB
_dCO-MdFUSBC
_erda
041 _aspa
_heng
082 _223
_a179.1
_bEU91
240 _aEuthanasia: The moral issues
245 1 _aEutanasia :
_blos dilemas morales
_c/ editado por Robert M. Baird , Stuart E. Rosenbaum ; traducido por J. A. Bravo
264 1 _aEspaña :
_bAlcor,
_c[1992]
264 4 _c© 1992
300 _a268 páginas
_c; 22 cm
336 _2rdacontent
_atexto
_btxt
337 _2rdamedia
_asin mediación
_bn
338 _2rdacarrier
_avolumen
_bnc
490 _aColección Campo de Agramante
505 _aSentenciado a vivir. -- Se acabó, Debbie. -- Los médicos no deben matar. -- La muerte de Debbie: el homicidio piadoso y la buena muerte. -- El caso de Karen Quinlan. -- Eutanasia activa y pasiva. -- Eutanasia activa y pasiva: ¿una distinción impertinente? -- El derecho a morir : los dilemas morales. -- La santidad de la vida cntra la calidad de la vida. -- La iniquidad de la eutanasia. -- Suicidio asistido: una perspectiva ética. -- Ayuda al suicidio: una perspectiva ética. -- Eutanasia justificable activa en Holanda. -- Eutanasia voluntaria activa: una caja de Pandora inútil. -- La eutanasia en niños de corta edad. Cuestiones éticas. -- Revisión de las normas sobre la eutanasia: conclusiones de la British Medical Association. -- La causa de la eutanasia voluntaria activa. -- La responsabilidad del médico frente a los enfermos irremediables: una segunda ojeada.
563 _aRústico
653 _aEutanasia
700 _95504
_aBaird, Robert M.
_eeditor
700 _95505
_aRosenbaum, Stuart E.
_eeditor
700 _95506
_aBravo, José Antonio. ‎
_etraductor
942 _cBK
945 _aJTF-925
999 _c66829
_d66829